[Event "Norman OU Febr op"]
[Site "Norman"]
[Date "2004.01.31"]
[Round "2"]
[White "Blair, Robert"]
[Black "Swatek, Shawn"]
[Result "1-0"]
[WhiteElo "1515"]
[BlackElo "886"]
[PlyCount "75"]
[EventDate "2004.01.31"]
[EventType "swiss"]
[EventRounds "5"]
[EventCountry "USA"]
[EventCategory "1"]
[SourceTitle "EXT 2006"]
[Source "ChessBase"]
[SourceDate "2005.11.24"]
[SourceVersion "1"]
[SourceVersionDate "2005.11.24"]
[SourceQuality "1"]

1. e4 e5 2. d4 Nc6 3. d5 Nb4 4. a3 Nf6 5. axb4 Bxb4+ 6. Bd2 Bc5 7. Nc3 Nxe4 8. Nxe4 Bd4 9. c3 Bb6 10. Nf3 d6 11. Be2 Bf5 12. 0-0 Bxe4 13. Re1 Bxd5 14. Bg5 Qd7 15. Qxd5 Qf5 16. Bb5+ c6 17. Bxc6+ Kf8 18. Qxd6+ Kg8 19. Rxe5 Bxf2+ 20. Kxf2 Qc2+ 21. Kg3 h6 22. Bd8 Qg6+ 23. Qxg6 fxg6 24. Re8+ Kh7 25. Rxh8+ Kxh8 26. Bxb7 Rxd8 27. Nd4 Rb8 28. Rxa7 Kh7 29. Be4 Rxb2 30. Ne6 Rb6 31. Rxg7+ Kh8 32. Rxg6 Kh7 33. Nf8+ Kh8 34. Rxb6 h5 35. Bd5 h4+ 36. Kf3 h3 37. Rb7 hxg2 38. Rh7# 1-0

[Event "Norman OU Febr op"]
[Site "Norman"]
[Date "2004.01.31"]
[Round "1"]
[White "Taliaferro, Mike"]
[Black "Swatek, Shawn"]
[Result "1-0"]
[WhiteElo "1874"]
[BlackElo "886"]
[PlyCount "75"]
[EventDate "2004.01.31"]
[EventType "swiss"]
[EventRounds "5"]
[EventCountry "USA"]
[EventCategory "1"]
[SourceTitle "EXT 2006"]
[Source "ChessBase"]
[SourceDate "2005.11.24"]
[SourceVersion "1"]
[SourceVersionDate "2005.11.24"]
[SourceQuality "1"]

1. d4 Nf6 2. Nf3 e6 3. Bf4 Nc6 4. e3 d5 5. a3 Bd6 6. Bg3 Bxg3 7. hxg3 0-0 8. Bd3 Ne4 9. Nbd2 f5 10. c4 Nxd2 11. Qxd2 Na5 12. Qxa5 dxc4 13. Bxc4 c6 14. Qxd8 Rxd8 15. Ng5 h6 16. Nxe6 Bxe6 17. Bxe6+ Kh8 18. Bxf5 b6 19. Rc1 c5 20. dxc5 bxc5 21. Rxc5 Re8 22. Ke2 Rf8 23. Rhc1 Rxf5 24. Rxf5 Rb8 25. b4 a6 26. Rc6 a5 27. Rxa5 Kh7 28. Ra7 h5 29. Rcc7 Kh8 30. Rxg7 h4 31. Rh7+ Kg8 32. gxh4 Rc8 33. h5 Rc2+ 34. Kf3 Rc8 35. h6 Rf8+ 36. Ke2 Re8 37. Rag7+ Kf8 38. Rh8# 1-0